[Event "BAN-chT SAIF POWERTEC 2020"]
[Site "Dhaka"]
[Date "2021.03.19"]
[Round "1.1"]
[White "Adhiban, B.."]
[Black "Sabya, Sachi"]
[Result "1-0"]
[WhiteElo "2659"]
[BlackElo "1874"]
[Annotator "TA"]
[PlyCount "81"]
[EventDate "2021.03.19"]
[EventType "team-tourn"]
[EventCountry "BAN"]
[SourceTitle "playchess.com"]
[Source "ChessBase"]
[SourceQuality "1"]

{[%evp 17,81,50,54,16,54,33,38,63,93,104,97,93,95,76,137,81,135,120,138,127,195,134,133,139,154,124,137,137,217,204,197,198,217,142,141,143,189,169,220,210,226,218,310,235,209,164,439,437,414,420,414,348,587,493,635,624,1248,1220,1463,1059,1361,964,29989,29990,29991,29992]} 1. e4 d6 2. d4 Nf6 3. Nc3 c6 4. Nf3 g6 5. a4 a5 6. h3 Bg7 7. Be3 O-O 8. Be2 Na6 9. O-O Nb4 {[#]} 10. Kh1 $146 {B08: Pirc Defence: Classical System.} ({Predecessor:} 10. Re1 Qc7 11. Bf4 Nh5 12. Bh2 e5 13. Bc4 Qe7 14. Ne2 d5 15. Bb3 dxe4 16. Nxe5 Be6 17. Bxe6 Qxe6 {0-1 (31) Vachier Lagrave,M (2723)-Nakamura,H (2802) Stavanger 2015}) 10... h5 11. Qc1 d5 12. e5 {White is slightly better.} Nh7 13. Nh4 e6 14. Nf3 b6 15. Rg1 f5 (15... f6 $142) 16. Nb1 (16. g3 $142) 16... Ra7 (16... c5 $142) 17. c3 Na6 18. Na3 Qe8 (18... Nc7 $16 19. h4 Rf7) 19. Nc2 (19. Nh4 $18) 19... Nb8 $16 20. Nce1 Qf7 21. Bf4 c5 22. Nc2 {[%cal Be1c2,Bc2a3,Ba3b5,Bb5d6][%mdl 32]} c4 (22... Ba6 $16) 23. b3 $18 cxb3 {[#]} 24. Na3 Bd7 25. Bb5 Na6 26. Bxd7 Rxd7 27. Nb5 Rb8 (27... Nc7 $142) 28. Rb1 Nc7 {Hoping for ...Nxb5.} 29. Nd6 ({Resist} 29. Rxb3 $6 Nxb5 30. Rxb5 Qe7 $16) 29... Qf8 (29... Qe7 $142 30. Rxb3 Ne8) 30. Rxb3 Ne8 31. Re1 Rc7 $2 (31... Qe7 32. Nb5 Rdd8) 32. Nh4 Qe7 33. Nxg6 Qd7 34. Qb1 Rc6 $2 (34... Nf8) 35. Re3 Nc7 36. Qd1 Na8 37. Qxh5 Rc7 38. Rb5 Rc4 {[#]} 39. Rxd5 $3 {[%mdl 512] And now Nxf5 would win.} Rxa4 {[#]} (39... Nc7 40. Rxa5) 40. Nxf5 $1 {[%mdl 576] Discovered Attack} exd5 (40... Rb7 41. Rxd7) 41. e6 {[%mdl 64] Discovered Attack.  Weighted Error Value: White=0.21/Black=0.64} 1-0

[Event "BAN-chT SAIF POWERTEC 2020"]
[Site "Dhaka"]
[Date "2021.03.19"]
[Round "1.2"]
[White "Rahman, Matiur"]
[Black "Kovalev, Vladislav"]
[Result "0-1"]
[WhiteElo "1984"]
[BlackElo "2648"]
[Annotator "TA"]
[PlyCount "82"]
[EventDate "2021.03.19"]
[EventType "team-tourn"]
[EventCountry "BAN"]
[SourceTitle "playchess.com"]
[Source "ChessBase"]
[SourceQuality "1"]

{[%evp 9,82,10,22,-6,0,-25,-30,-42,-7,-9,4,-2,-12,-37,-32,-56,-42,-57,-50,-51,-39,-37,-21,-37,-33,-50,3,-10,-16,-8,0,-10,0,0,58,-37,3,-37,0,0,9,-39,-26,-24,-21,-21,-20,-37,-39,-39,-42,-54,-54,-70,-66,-46,-30,-12,-29,-58,-26,-145,-152,-150,-145,-300,-306,-304,-293,-408,-406,-488,-448,-445,-429]} 1. d4 Nf6 2. Nf3 g6 3. g3 Bg7 4. Bg2 c5 5. c3 Na6 6. Nbd2 {[#] A49: 1 d4 Nf6 2 Nf3 g6 3 g3: Anti-King's Indian systems.} d5 $146 ({Predecessor:} 6... O-O 7. O-O d5 8. b3 Bf5 9. Bb2 Rc8 10. Rc1 cxd4 11. cxd4 Rxc1 12. Qxc1 Qa5 13. a3 Rc8 14. b4 Qa4 15. Qd1 {0-1 (50) Guedikian,A (1568)-Nesse,D (1716) Montevideo 2017}) 7. Qc2 O-O 8. O-O {Black has an edge.} Bf5 9. Qb3 Qb6 10. Qxb6 axb6 11. e3 b5 {[%cal Bb6b5,Bb5b4][%mdl 32]} 12. Nb3 c4 13. Nbd2 b4 14. Ne5 e6 15. f3 {[#] And now e4 would win.} Bc2 16. Rf2 {With the idea Ndxc4.} Ba4 17. e4 b5 (17... Nc7 $15) 18. a3 bxc3 19. bxc3 Rfc8 20. Nf1 {[%cal Bd2f1,Bf1e3,Be3c2,Bc2b4][%mdl 32]} Ra7 21. Ne3 Nb8 (21... Nd7 $11 22. f4 (22. exd5 Nxe5 23. dxe5 Bxe5 $17) 22... dxe4) 22. Bb2 (22. exd5 $14 Nxd5 23. Nxd5 exd5 24. f4) 22... Rd8 23. Bc1 Bb3 (23... Nfd7 $5 {[%cal Rd7e5]} 24. f4 (24. exd5 Nxe5 25. dxe5 Bxe5 $15) 24... dxe4 $11) 24. Nc2 Nfd7 25. f4 dxe4 26. Bxe4 Nf6 27. Bf3 Nd5 28. Bxd5 Rxd5 29. Nb4 Rd6 30. Be3 Ra8 31. Bc1 f6 32. Nf3 Nc6 33. Nxc6 Rxc6 34. Nd2 e5 35. Nf3 (35. fxe5 $11 fxe5 36. d5) 35... e4 $17 36. Ne1 f5 37. Nc2 $2 {[#] Now White is beyond hope.} (37. Rb1 $17) 37... Bxc2 $19 38. Rxc2 b4 $1 {[%cal Bb5b4,Bb4b3][%mdl 32]} 39. Bb2 b3 40. Rcc1 Bf8 41. Kf2 Rca6 {Weighted Error Value: White=0.30/Black=0.14} 0-1

[Event "BAN-chT SAIF POWERTEC 2020"]
[Site "Dhaka"]
[Date "2021.03.19"]
[Round "1.3"]
[White "Reefat, Bin-Sattar"]
[Black "Sahu, Sekhar Chandra"]
[Result "1/2-1/2"]
[WhiteElo "2409"]
[BlackElo "2049"]
[Annotator "NA"]
[PlyCount "78"]
[EventDate "2021.03.19"]
[EventType "team-tourn"]
[EventCountry "BAN"]
[SourceTitle "playchess.com"]
[Source "ChessBase"]
[SourceQuality "1"]
[TimeControl "5400+30"]

1. e4 {[%emt 0:00:00]} c5 {[%emt 0:00:00]} 2. b3 {[%emt 0:00:07]} Nc6 {[%emt 0:00:08]} 3. Bb2 {[%emt 0:00:04]} a6 {[%emt 0:00:10]} 4. Nf3 {[%emt 0:01:31]} d6 {[%emt 0:00:32]} 5. d4 {[%emt 0:00:05]} cxd4 {[%emt 0:00:05]} 6. Nxd4 {[%emt 0:00:03]} Nf6 {[%emt 0:00:16]} 7. Nd2 {[%emt 0:03:50]} d5 {[%emt 0:03:43]} 8. Nxc6 {[%emt 0:05:11]} bxc6 {[%emt 0:00:03]} 9. e5 {[%emt 0:06:59]} Nd7 {[%emt 0:00:10]} 10. e6 {[%emt 0:00:18]} fxe6 {[%emt 0:03:11]} 11. Bd3 {[%emt 0:00:23]} Qc7 {[%emt 0:08:30]} 12. Qh5+ {[%emt 0:05:15]} Kd8 {[%emt 0:00:02]} 13. O-O-O {[%emt 0:11:29]} a5 {[%emt 0:14:18]} 14. a4 {[%emt 0:04:38]} Qf4 {[%emt 0:01:24]} 15. Kb1 {[%emt 0:19:02]} g6 {[%emt 0:11:35]} 16. Qe2 {[%emt 0:02:22]} e5 {[%emt 0:00:26]} 17. g3 {[%emt 0:08:45]} Qf7 {[%emt 0:05:25]} 18. f4 {[%emt 0:06:11]} Nc5 {[%emt 0:07:46]} 19. Qe3 {[%emt 0:06:32]} e6 {[%emt 0:04:24]} 20. Bxe5 {[%emt 0:01:49]} Rg8 {[%emt 0:00:13]} 21. Bd4 {[%emt 0:05:49]} Nxd3 {[%emt 0:03:36]} 22. cxd3 {[%emt 0:02:56]} Qb7 {[%emt 0:01:22]} 23. Rc1 {[%emt 0:01:03]} Bb4 {[%emt 0:03:13]} 24. Bc3 {[%emt 0:02:20]} Bd6 {[%emt 0:04:53]} 25. Ka2 {[%emt 0:00:14]} Bd7 {[%emt 0:06:12]} 26. Rc2 {[%emt 0:02:52]} Ke7 {[%emt 0:00:38]} 27. Rhc1 {[%emt 0:00:51]} Kf7 {[%emt 0:02:35]} 28. Be5 {[%emt 0:01:57]} Be7 {[%emt 0:00:30]} 29. g4 {[%emt 0:00:33]} c5 {[%emt 0:01:50]} 30. Qh3 {[%emt 0:00:35]} Rh8 {[%emt 0:08:32]} 31. Rxc5 {[%emt 0:01:04]} Qb4 {[%emt 0:00:52]} 32. R5c2 {[%emt 0:00:23]} h5 {[%emt 0:05:29]} 33. gxh5 {[%emt 0:00:43]} Rxh5 {[%emt 0:00:03]} 34. Qg3 {[%emt 0:00:21]} Ra7 {[%emt 0:00:49]} 35. d4 {[%emt 0:00:39]} Rb7 {[%emt 0:00:15]} 36. Qd3 {[%emt 0:00:29]} Rxh2 {[%emt 0:00:43]} 37. Rg1 {[%emt 0:00:22]} Rh6 {[%emt 0:01:04]} 38. Nb1 {[%emt 0:00:38]} Bxa4 {[%emt 0:00:21]} 39. Rb2 {[%emt 0:00:19]} Bb5 {[%emt 0:02:55]} 1/2-1/2

[Event "BAN-chT SAIF POWERTEC 2020"]
[Site "Dhaka"]
[Date "2021.03.19"]
[Round "1.4"]
[White "Deshmukh, Anup"]
[Black "Mehdi Hasan Parag"]
[Result "1-0"]
[WhiteElo "2190"]
[BlackElo "2204"]
[Annotator "NA"]
[PlyCount "51"]
[EventDate "2021.03.19"]
[EventType "team-tourn"]
[EventCountry "BAN"]
[SourceTitle "playchess.com"]
[Source "ChessBase"]
[SourceQuality "1"]
[TimeControl "5400+30"]

1. c4 {[%emt 0:00:00]} e5 {[%emt 0:00:00]} 2. Nc3 {[%emt 0:00:00]} Nf6 {[%emt 0:00:00]} 3. g3 {[%emt 0:00:07]} d5 {[%emt 0:00:01]} 4. cxd5 {[%emt 0:00:09]} Nxd5 {[%emt 0:00:03]} 5. Bg2 {[%emt 0:00:11]} Nxc3 {[%emt 0:00:13]} 6. bxc3 {[%emt 0:00:09]} Nc6 {[%emt 0:00:09]} 7. Rb1 {[%emt 0:01:20]} Bc5 {[%emt 0:01:39]} 8. Qa4 {[%emt 0:04:41]} Qf6 {[%emt 0:01:16]} 9. Nf3 {[%emt 0:02:43]} O-O {[%emt 0:00:42]} 10. O-O {[%emt 0:02:02]} Rb8 {[%emt 0:07:50]} 11. d3 {[%emt 0:04:23]} Bd7 {[%emt 0:05:53]} 12. Ng5 {[%emt 0:03:25]} Be7 {[%emt 0:13:57]} 13. Be4 {[%emt 0:14:12]} g6 {[%emt 0:02:19]} 14. Bd5 {[%emt 0:03:54]} Qd6 {[%emt 0:05:38]} 15. Bg2 {[%emt 0:05:35]} Kg7 {[%emt 0:07:32]} 16. f4 {[%emt 0:03:52]} f5 {[%emt 0:10:11]} 17. fxe5 {[%emt 0:02:59]} Nxe5 {[%emt 0:01:03]} 18. Qxa7 {[%emt 0:14:18]} b6 {[%emt 0:05:13]} 19. d4 {[%emt 0:00:24]} Nc6 {[%emt 0:23:58]} 20. Qa4 {[%emt 0:01:47]} Ra8 {[%emt 0:03:02]} 21. Qc2 {[%emt 0:03:29]} Bxg5 {[%emt 0:00:39]} 22. Bxg5 {[%emt 0:00:16]} Be6 {[%emt 0:00:28]} 23. Bf4 {[%emt 0:01:16]} Qd7 {[%emt 0:00:27]} 24. d5 {[%emt 0:01:38]} Bxd5 {[%emt 0:01:07]} 25. Rfd1 {[%emt 0:00:58]} Ra5 {[%emt 0:00:25]} 26. c4 {[%emt 0:00:25]} 1-0

[Event "BAN-chT SAIF POWERTEC 2020"]
[Site "Dhaka"]
[Date "2021.03.19"]
[Round "1.5"]
[White "Hamid, Rani"]
[Black "Mohammad Fahad, Rahman"]
[Result "0-1"]
[WhiteElo "1923"]
[BlackElo "2307"]
[Annotator "NA"]
[PlyCount "102"]
[EventDate "2021.03.19"]
[EventType "team-tourn"]
[EventCountry "BAN"]
[SourceTitle "playchess.com"]
[Source "ChessBase"]
[SourceQuality "1"]
[TimeControl "5400+30"]

1. e4 {[%emt 0:00:00]} c5 {[%emt 0:00:00]} 2. Nf3 {[%emt 0:00:00]} d6 {[%emt 0:00:00]} 3. d4 {[%emt 0:00:00]} cxd4 {[%emt 0:00:17]} 4. Nxd4 {[%emt 0:00:00]} Nf6 {[%emt 0:00:10]} 5. Nc3 {[%emt 0:00:00]} Nc6 {[%emt 0:00:11]} 6. Be2 {[%emt 0:00:14]} e5 {[%emt 0:00:12]} 7. Nb3 {[%emt 0:00:06]} Be7 {[%emt 0:00:32]} 8. O-O {[%emt 0:00:35]} O-O {[%emt 0:00:07]} 9. Be3 {[%emt 0:01:00]} a5 {[%emt 0:00:32]} 10. a4 {[%emt 0:00:15]} Nb4 {[%emt 0:00:15]} 11. f4 {[%emt 0:01:09]} Be6 {[%emt 0:00:16]} 12. Kh1 {[%emt 0:01:18]} Rc8 {[%emt 0:06:15]} 13. Bf3 {[%emt 0:04:58]} Qc7 {[%emt 0:04:03]} 14. Rf2 {[%emt 0:01:35]} b6 {[%emt 0:03:25]} 15. Nb5 {[%emt 0:02:39]} Qb8 {[%emt 0:01:08]} 16. c3 {[%emt 0:00:11]} exf4 {[%emt 0:03:38]} 17. Bd4 {[%emt 0:02:30]} Nc6 {[%emt 0:06:08]} 18. Bxf6 {[%emt 0:03:49]} Bxf6 {[%emt 0:00:31]} 19. N3d4 {[%emt 0:00:14]} Nxd4 {[%emt 0:04:17]} 20. Nxd4 {[%emt 0:00:04]} Rce8 {[%emt 0:07:41]} 21. Rd2 {[%emt 0:02:20]} Be5 {[%emt 0:01:13]} 22. Bg4 {[%emt 0:02:46]} Qb7 {[%emt 0:07:33]} 23. Qf3 {[%emt 0:01:15]} Bxg4 {[%emt 0:01:14]} 24. Qxg4 {[%emt 0:00:02]} Qxe4 {[%emt 0:00:23]} 25. Nf5 {[%emt 0:00:20]} h5 {[%emt 0:08:41]} 26. Qh3 {[%emt 0:03:58]} g6 {[%emt 0:00:59]} 27. Nh4 {[%emt 0:02:44]} Bxc3 {[%emt 0:00:21]} 28. Rf2 {[%emt 0:00:06]} Bxb2 {[%emt 0:02:18]} 29. Raf1 {[%emt 0:00:03]} Bd4 {[%emt 0:00:21]} 30. Rf3 {[%emt 0:00:53]} d5 {[%emt 0:00:58]} 31. g4 {[%emt 0:01:56]} fxg3 {[%emt 0:00:49]} 32. hxg3 {[%emt 0:00:10]} Be5 {[%emt 0:02:02]} 33. Qg2 {[%emt 0:01:34]} d4 {[%emt 0:00:52]} 34. Qf2 {[%emt 0:02:07]} Rc8 {[%emt 0:02:33]} 35. Re1 {[%emt 0:00:40]} Qd5 {[%emt 0:00:17]} 36. Qg2 {[%emt 0:01:42]} Bg7 {[%emt 0:02:03]} 37. Nxg6 {[%emt 0:00:43]} Rfe8 {[%emt 0:03:03]} 38. Ne7+ {[%emt 0:04:29]} Rxe7 {[%emt 0:00:07]} 39. Rxe7 {[%emt 0:00:05]} Rc1+ {[%emt 0:06:42]} 40. Kh2 {[%emt 0:00:20]} d3 {[%emt 0:00:15]} 41. Rfxf7 {[%emt 0:07:06]} Rc2 {[%emt 0:03:44]} 42. Rf2 {[%emt 0:01:48]} Rxf2 {[%emt 0:00:26]} 43. Qxf2 {[%emt 0:00:20]} d2 {[%emt 0:00:16]} 44. Re1 {[%emt 0:03:43]} dxe1=Q {[%emt 0:00:52]} 45. Qxe1 {[%emt 0:00:01]} Qe5 {[%emt 0:00:42]} 46. Qd1 {[%emt 0:00:24]} Bf6 {[%emt 0:03:12]} 47. Qb3+ {[%emt 0:00:21]} Kg7 {[%emt 0:00:21]} 48. Qf3 {[%emt 0:02:15]} h4 {[%emt 0:00:37]} 49. Qg4+ {[%emt 0:00:24]} Kh6 {[%emt 0:00:25]} 50. Qf4+ {[%emt 0:01:13]} Qxf4 {[%emt 0:00:07]} 51. gxf4 {[%emt 0:49:05]} Kg6 {[%emt 0:22:26]} 0-1

[Event "BAN-chT SAIF POWERTEC 2020"]
[Site "Dhaka"]
[Date "2021.03.19"]
[Round "1.6"]
[White "Ganguly, Surya Shekhar"]
[Black "Nayem, Haque"]
[Result "1-0"]
[WhiteElo "2635"]
[BlackElo "2040"]
[Annotator "TA"]
[PlyCount "44"]
[EventDate "2021.03.19"]
[EventType "team-tourn"]
[EventCountry "BAN"]
[SourceTitle "playchess.com"]
[Source "ChessBase"]
[SourceQuality "1"]

{[%evp 15,44,44,55,54,65,50,52,56,43,0,91,72,143,40,97,68,149,157,312,310,271,300,335,305,344,333,302,288,359,360,360]} 1. c4 e5 2. Nc3 Nf6 3. g3 d5 4. cxd5 Nxd5 5. Bg2 Ne7 6. Nf3 Nbc6 7. b4 {[%cal Bb2b4,Bb4b5][%mdl 32]} a6 8. O-O g6 9. a4 {A29: English Opening: Four Knights Variation with 4 g3.} Bg7 10. Ba3 O-O 11. b5 {White is slightly better.} Nd4 12. Ng5 {[#]} Ra7 $146 (12... h6 $11 {keeps the balance.} 13. bxa6 Rxa6) ({Predecessor:} 12... axb5 13. axb5 Rb8 14. Nge4 b6 15. Bxe7 Qxe7 16. e3 Ne6 17. Nd5 Qd8 18. Nb4 Bd7 {½-½ (79) Erwich,F (2359)-Rombaldoni,A (2458) Trieste 2012}) 13. e3 $16 Ne6 (13... Ndf5 $142) 14. Nge4 (14. Nxe6 $16 fxe6 15. d3) 14... b6 (14... axb5 $1 $14 15. Nxb5 (15. axb5 f5 $11) 15... Ra6) 15. Qb3 Kh8 ({Black should play} 15... a5 $14) 16. a5 f5 $2 (16... bxa5 $16 {was necessary.} 17. Nc5 axb5) 17. axb6 $18 {[%mdl 64] [#] Overworked Piece} cxb6 18. Nd6 Bd7 19. Nb7 Qe8 20. Bxe7 Qxe7 21. bxa6 e4 22. Nd5 ({Don't play} 22. Qxb6 Rfa8 $18) 22... Qf7 {Weighted Error Value: White=0.22/Black=0.52} 1-0

[Event "BAN-chT SAIF POWERTEC 2020"]
[Site "Dhaka"]
[Date "2021.03.19"]
[Round "1.7"]
[White "Kaustuv, Kundu"]
[Black "Sadhwani, Raunak"]
[Result "0-1"]
[WhiteElo "2301"]
[BlackElo "2545"]
[Annotator "TA"]
[PlyCount "72"]
[EventDate "2021.03.19"]
[EventType "team-tourn"]
[EventCountry "BAN"]
[SourceTitle "playchess.com"]
[Source "ChessBase"]
[SourceQuality "1"]

{[%evp 9,72,20,19,0,0,0,0,0,17,18,8,0,0,0,0,0,0,0,25,23,23,20,20,22,24,16,47,45,41,17,36,16,18,14,22,6,14,0,0,0,0,-108,-112,-210,-204,-282,-295,-253,-272,-356,-352,-323,-334,-302,-302,-308,-297,-322,-311,-364,-326,-374,-375,-366,-370]} 1. c4 e5 2. g3 c6 3. Nf3 e4 4. Nd4 d5 5. d3 Bc5 6. Nb3 {A20: English Opening: 1...e5.} Bb4+ 7. Bd2 Bxd2+ 8. Qxd2 {The position is equal.} dxc4 9. dxc4 f5 10. Qxd8+ Kxd8 11. f3 Nf6 12. Nc3 Re8 13. Bg2 {[#]} a5 $146 ({Predecessor:} 13... exf3 14. O-O-O+ Kc7 15. exf3 Na6 16. Rhe1 Bd7 17. Bf1 Rxe1 18. Rxe1 Re8 19. Rd1 g6 {1-0 (67) Sydoryka,V (2318)-Malinovsky,R (2238) Lvov 2020}) 14. fxe4 fxe4 15. O-O-O+ Kc7 16. Nc5 {[%cal Rc5e4]} e3 17. Rhf1 Be6 18. Nxe6+ Rxe6 19. Bh3 Re7 20. b3 Na6 21. Rf5 b6 22. Bg2 {[#] Black must now prevent Nb5+!} Rae8 23. a3 Ng4 24. Rd4 Nf2 25. Kc2 {[#]} (25. Na4 $11 {remains equal.}) 25... Nc5 $1 $17 26. b4 (26. Kb2 $17 {might work better.}) 26... Ne6 $19 27. Rh4 g5 28. Rh6 Nd4+ {[%mdl 64] Double Attack} 29. Kb1 Nxf5 30. Rxc6+ Kd8 {Strongly threatening ...axb4.} 31. Rxb6 axb4 32. axb4 {intending Bc6.} Re6 33. Rb8+ Ke7 34. Rb7+ Kf6 35. Nd5+ Ke5 36. Nc7 Nd4 {Weighted Error Value: White=0.25/Black=0.03} 0-1

[Event "BAN-chT SAIF POWERTEC 2020"]
[Site "Dhaka"]
[Date "2021.03.19"]
[Round "1.8"]
[White "Mollah Abdullah, Al Rakib"]
[Black "Sultana, Sharmin Shirin"]
[Result "1-0"]
[WhiteElo "2463"]
[BlackElo "2002"]
[Annotator "ChessBase"]
[PlyCount "67"]
[EventDate "2021.03.19"]
[EventType "team-tourn"]
[EventCountry "BAN"]
[SourceTitle "playchess.com"]
[Source "ChessBase"]
[SourceQuality "1"]
[TimeControl "5400+30"]

1. d4 {[%emt 0:00:11]} d5 {[%emt 0:00:00]} 2. c4 {[%emt 0:00:08]} c6 {[%emt 0:01:18]} 3. Bf4 {[%emt 0:00:33]} Nf6 {[%emt 0:00:51]} 4. e3 {[%emt 0:00:30]} Bf5 {[%emt 0:07:39]} 5. Nc3 {[%emt 0:01:59]} e6 {[%emt 0:00:30]} 6. Qb3 {[%emt 0:01:21]} Qb6 {[%emt 0:06:08]} 7. c5 {[%emt 0:01:00]} Qxb3 {[%emt 0:01:18]} 8. axb3 {[%emt 0:00:02]} Nbd7 {[%emt 0:01:05]} 9. h3 {[%emt 0:01:24]} Be7 {[%emt 0:06:50]} 10. b4 {[%emt 0:01:09]} a6 {[%emt 0:02:12]} 11. b5 {[%emt 0:07:28]} cxb5 {[%emt 0:00:47]} 12. Bxb5 {[%emt 0:00:10]} O-O {[%emt 0:01:20]} 13. Ba4 {[%emt 0:05:58]} b5 {[%emt 0:15:16]} 14. Bd1 {[%emt 0:17:51]} Rfc8 {[%emt 0:16:11]} 15. Nf3 {[%emt 0:03:38]} Ne8 {[%emt 0:06:58]} 16. Be2 {[%emt 0:08:30]} Bd8 {[%emt 0:03:12]} 17. O-O {[%emt 0:06:58]} h6 {[%emt 0:03:21]} 18. b4 {[%emt 0:05:12]} Bc7 {[%emt 0:02:04]} 19. Ne5 {[%emt 0:07:02]} Nxe5 {[%emt 0:10:11]} 20. Bxe5 {[%emt 0:06:33]} f6 {[%emt 0:00:39]} 21. Bh2 {[%emt 0:05:15]} Bxh2+ {[%emt 0:00:18]} 22. Kxh2 {[%emt 0:00:02]} Nc7 {[%emt 0:00:14]} 23. Ra5 {[%emt 0:00:54]} Rd8 {[%emt 0:03:35]} 24. Rfa1 {[%emt 0:02:03]} e5 {[%emt 0:00:46]} 25. Rd1 {[%emt 0:05:56]} Rab8 {[%emt 0:04:28]} 26. Ra2 {[%emt 0:00:42]} Be6 {[%emt 0:00:51]} 27. g4 {[%emt 0:00:39]} Re8 {[%emt 0:00:46]} 28. Rad2 {[%emt 0:04:21]} Rbd8 {[%emt 0:00:29]} 29. e4 {[%emt 0:00:39]} dxe4 {[%emt 0:03:03]} 30. d5 {[%emt 0:00:34]} Bf7 {[%emt 0:01:29]} 31. d6 {[%emt 0:02:23]} Ne6 {[%emt 0:00:03]} 32. d7 {[%emt 0:00:46]} Rf8 {[%emt 0:00:46]} 33. c6 {[%emt 0:00:40]} Ra8 {[%emt 0:01:17]} 34. c7 {[%emt 0:00:23]} 1-0

[Event "BAN-chT SAIF POWERTEC 2020"]
[Site "Dhaka"]
[Date "2021.03.19"]
[Round "1.9"]
[White "Zia, Tahsin Tajwar"]
[Black "Chowdhury, Sohel"]
[Result "1-0"]
[WhiteElo "2092"]
[BlackElo "2149"]
[Annotator "NA"]
[PlyCount "77"]
[EventDate "2021.03.19"]
[EventType "team-tourn"]
[EventCountry "BAN"]
[SourceTitle "playchess.com"]
[Source "ChessBase"]
[SourceQuality "1"]
[TimeControl "5400+30"]

1. Nf3 {[%emt 0:00:00]} d5 {[%emt 0:00:00]} 2. d4 {[%emt 0:00:07]} Nf6 {[%emt 0:00:08]} 3. Bf4 {[%emt 0:00:48]} e6 {[%emt 0:00:11]} 4. e3 {[%emt 0:00:03]} c5 {[%emt 0:01:44]} 5. Nbd2 {[%emt 0:01:30]} Nc6 {[%emt 0:00:42]} 6. c3 {[%emt 0:00:13]} Bd6 {[%emt 0:00:33]} 7. Bg3 {[%emt 0:00:07]} O-O {[%emt 0:04:18]} 8. Bd3 {[%emt 0:00:11]} b6 {[%emt 0:07:09]} 9. Qe2 {[%emt 0:00:24]} Bb7 {[%emt 0:08:03]} 10. Rd1 {[%emt 0:00:13]} cxd4 {[%emt 0:14:18]} 11. exd4 {[%emt 0:00:30]} Re8 {[%emt 0:07:43]} 12. Bxd6 {[%emt 0:04:15]} Qxd6 {[%emt 0:00:04]} 13. Ne5 {[%emt 0:00:19]} Rac8 {[%emt 0:05:05]} 14. O-O {[%emt 0:00:40]} Ne7 {[%emt 0:05:02]} 15. f4 {[%emt 0:04:16]} Qc7 {[%emt 0:08:45]} 16. g4 {[%emt 0:06:58]} Nd7 {[%emt 0:14:37]} 17. Rde1 {[%emt 0:06:28]} Nf8 {[%emt 0:00:35]} 18. g5 {[%emt 0:12:18]} Nf5 {[%emt 0:05:29]} 19. Qg4 {[%emt 0:03:46]} Nd6 {[%emt 0:06:17]} 20. Rf3 {[%emt 0:09:17]} Qe7 {[%emt 0:05:03]} 21. Qh5 {[%emt 0:19:55]} f5 {[%emt 0:01:36]} 22. gxf6 {[%emt 0:00:58]} Qxf6 {[%emt 0:00:06]} 23. Ng4 {[%emt 0:01:46]} Qf7 {[%emt 0:01:55]} 24. Nh6+ {[%emt 0:02:04]} gxh6 {[%emt 0:00:27]} 25. Rg3+ {[%emt 0:00:07]} Ng6 {[%emt 0:01:23]} 26. Bxg6 {[%emt 0:00:13]} hxg6 {[%emt 0:00:14]} 27. Rxg6+ {[%emt 0:00:26]} Kf8 {[%emt 0:00:55]} 28. Qxh6+ {[%emt 0:00:16]} Ke7 {[%emt 0:00:46]} 29. Rexe6+ {[%emt 0:04:38]} Kd7 {[%emt 0:00:07]} 30. Rxd6+ {[%emt 0:00:16]} Kc7 {[%emt 0:00:20]} 31. Rg7 {[%emt 0:01:29]} Rg8 {[%emt 0:01:06]} 32. Rdg6 {[%emt 0:00:27]} Rxg7 {[%emt 0:00:25]} 33. Qxg7 {[%emt 0:00:53]} Rf8 {[%emt 0:00:21]} 34. f5 {[%emt 0:00:07]} Qxg7 {[%emt 0:00:51]} 35. Rxg7+ {[%emt 0:00:02]} Kb8 {[%emt 0:00:21]} 36. Nf3 {[%emt 0:02:08]} Rxf5 {[%emt 0:00:02]} 37. Ne5 {[%emt 0:00:06]} a5 {[%emt 0:00:57]} 38. Kg2 {[%emt 0:01:00]} Ba6 {[%emt 0:00:20]} 39. Nd7+ {[%emt 0:00:25]} 1-0

[Event "BAN-chT SAIF POWERTEC 2020"]
[Site "Dhaka"]
[Date "2021.03.19"]
[Round "1.10"]
[White "Puranik, Abhimanyu"]
[Black "Mitrabha, Guha"]
[Result "0-1"]
[WhiteElo "2584"]
[BlackElo "2445"]
[Annotator "TA"]
[PlyCount "84"]
[EventDate "2021.03.19"]
[EventType "team-tourn"]
[EventCountry "BAN"]
[SourceTitle "playchess.com"]
[Source "ChessBase"]
[SourceQuality "1"]

{[%evp 19,84,38,39,54,35,24,44,42,51,32,28,28,47,-48,-27,-50,-26,-41,0,-6,-8,-8,-25,-34,-18,-26,-28,-67,-35,-85,-29,-70,-56,-98,-42,-72,21,21,14,14,30,0,0,0,0,-58,-64,-230,-223,-211,-220,-1539,-1433,-1268,-629,-614,-618,-612,-595,-656,-641,-523,-514,-604,-595,-611,-624]} 1. Nf3 Nf6 2. c4 b6 3. g3 Bb7 4. Bg2 c5 5. O-O g6 6. Nc3 Bg7 7. d4 cxd4 8. Qxd4 O-O 9. Qh4 d6 10. Bh6 Nbd7 11. b3 {A30: Symmetrical English: Double Fianchetto and Hedgehog.} Rc8 12. Rac1 Rc5 {...Rh5 is the strong threat.} 13. Ng5 {White is slightly better.} Bxg2 14. Kxg2 Re8 15. Rfd1 Bh8 16. b4 (16. h3 $14) 16... Qa8+ $15 17. Kg1 {[#]} Rcc8 $146 ({Predecessor:} 17... Rc7 18. Nf3 a6 19. Nd5 {½-½ (19) Znamenacek,K (2340)-Ramik,Z (2240) Czechoslovakia 1991}) 18. Nf3 a5 19. b5 Rc5 20. Nd5 Nxd5 21. Rxd5 Bf6 22. Qg4 {[%cal Rg4d7]} Rc7 {Strongly threatening ...Bb2.} 23. Rdd1 Rec8 24. Qf4 Rc5 (24... a4 $17) 25. h4 R8c7 26. Nd2 Rh5 (26... Qc8 $17 27. a4 d5) 27. Ne4 Rf5 ({Black should play} 27... Bb2 $1 $17 {[%cal Rb2c1]} 28. Rc2 Nf6 $1 29. Nxf6+ (29. Rxb2 Nxe4 30. Rd4 Nxf2 $17) 29... Bxf6) 28. Nxf6+ $11 Nxf6 29. Qd4 Qb7 30. e4 Qxe4 31. Qxb6 {[%mdl 64] White wants to mate with Qb8+. Double Attack} Rfc5 32. Qa6 (32. Qxa5 $11 Ng4 33. Re1 $1) 32... Ng4 $15 {aiming for ...Qf3.} 33. Re1 $2 {This costs White the game.} Qf3 $19 34. Be3 {[#]} Re5 $1 $40 {[%cal Bc5e5,Be5e3,Be3e2,Be2a2][%mdl 160] Black is out for blood.} ({Don't do} 34... Rxc4 35. Rxc4 Rxc4 36. Qxa5 $17) 35. b6 $2 (35. Ba7 Rxe1+ 36. Rxe1) 35... Rxe3 {Black is clearly winning.} 36. Rf1 Rb7 37. Qxa5 Re2 {[%cal Re2f2]} 38. Rc3 Qc6 39. Rb3 Ne5 40. a4 Kg7 41. Qb4 Ra2 42. a5 Qxc4 {Weighted Error Value: White=0.55/Black=0.27} 0-1